| 000 | 00619nam a2200277Ia 4500 | ||
|---|---|---|---|
| 001 | Z_3899 | ||
| 003 | CHAP | ||
| 008 | 220113s1979 xx 000 0 und d | ||
| 010 | _a166960 | ||
| 040 | _cCHAP | ||
| 082 | _a584.9 I5 | ||
| 100 |
_aInstituto de Ciencia Animal. La Habana _9138119 |
||
| 245 |
_aLos pastos en Cuba / _cpor ICA |
||
| 260 |
_aLa Habana, Cuba : _bICA, _c1979 |
||
| 300 | _a2 v. ; ilus. | ||
| 440 | _a | ||
| 500 | _a | ||
| 503 | _aDONACIÓN | ||
| 650 |
_aPastos _x _xCuba _9141134 |
||
| 901 | _a584.9 I5 | ||
| 902 | _aA | ||
| 910 | _a1979 | ||
| 942 | _c1 | ||
| 942 | _cc1 | ||
| 999 |
_c166960 _d166960 |
||